000 00624nam a2200193Ia 4500
005 20250508161824.0
008 008 250505s9999 xx 000 0 eng d
037 _aTextual
040 _aFEDL
_beng
_cFEDL
041 _aeng
_2eng
084 _a371.4, BRE
_qFEDL
245 0 _aProgram of studies in non-formal education discussion papers. No. 2
260 _aMichigan
_bMichigan State University Press
300 _a46p.
546 _aNon-formal education: The Definitonal prolem
650 _aEducational - Guideance and Counseling
_9757599
942 _cTEXL
_h371.4, BRE
999 _c1372464
_d1372464